000 01057nam a2200289 a 4500
001 ebr10415451
003 CaPaEBR
006 m u
007 cr cn|||||||||
008 101011s2010 ii a sb 000 0 eng d
020 _z9789350243619
040 _aCaPaEBR
_cCaPaEBR
035 _a(OCoLC)697608477
050 1 4 _aHD30.28
_b.R36 2010eb
100 1 _aSubba Rao, P.
245 1 0 _aStrategic management
_h[electronic resource] /
_cP. Subba Rao.
250 _aRev. ed.
260 _aMumbai [India] :
_bHimalaya Pub. House,
_c2010.
300 _a190 p. :
_bill.
504 _aIncludes bibliographical references.
533 _aElectronic reproduction.
_bPalo Alto, Calif. :
_cebrary,
_d2010.
_nAvailable via World Wide Web.
_nAccess may be limited to ebrary affiliated libraries.
650 0 _aStrategic planning.
650 0 _aManagement.
655 7 _aElectronic books.
_2local
710 2 _aebrary, Inc.
856 4 0 _uhttp://site.ebrary.com/lib/rucke/Doc?id=10415451
_zAn electronic book accessible through the World Wide Web; click to view
999 _c86691
_d86691